<?xml version="1.0" encoding="UTF-8"?>
<record
    xmlns:xsi="http://www.w3.org/2001/XMLSchema-instance"
    xsi:schemaLocation="http://www.loc.gov/MARC21/slim http://www.loc.gov/standards/marcxml/schema/MARC21slim.xsd"
    xmlns="http://www.loc.gov/MARC21/slim">

  <leader>01426nam2a22002891  4500</leader>
  <controlfield tag="001">rc\3215161</controlfield>
  <controlfield tag="005">20250609191813.0</controlfield>
  <datafield tag="021" ind1=" " ind2=" ">
    <subfield code="a">RU</subfield>
    <subfield code="b">[77-18635]</subfield>
  </datafield>
  <datafield tag="035" ind1=" " ind2=" ">
    <subfield code="a">(NLR Aleph) 007465121</subfield>
  </datafield>
  <datafield tag="090" ind1=" " ind2=" ">
    <subfield code="a">7357507</subfield>
    <subfield code="c">7357507</subfield>
  </datafield>
  <datafield tag="100" ind1=" " ind2=" ">
    <subfield code="a">20130115d1976    |||y0rusy50      ca</subfield>
  </datafield>
  <datafield tag="101" ind1="0" ind2=" ">
    <subfield code="a">rus</subfield>
  </datafield>
  <datafield tag="102" ind1=" " ind2=" ">
    <subfield code="a">RU</subfield>
  </datafield>
  <datafield tag="105" ind1=" " ind2=" ">
    <subfield code="a">a   z   |||||</subfield>
  </datafield>
  <datafield tag="200" ind1="0" ind2=" ">
    <subfield code="a">&#x412;&#x44B;&#x43F;. 2</subfield>
  </datafield>
  <datafield tag="210" ind1=" " ind2=" ">
    <subfield code="d">1976</subfield>
    <subfield code="a">&#x411;. &#x43C;.</subfield>
  </datafield>
  <datafield tag="215" ind1=" " ind2=" ">
    <subfield code="a">85 &#x441;.</subfield>
    <subfield code="c">&#x438;&#x43B;.</subfield>
  </datafield>
  <datafield tag="300" ind1=" " ind2=" ">
    <subfield code="a">&#x418;&#x437;&#x434;.&#x432;&#x44B;&#x445;&#x43E;&#x434;&#x438;&#x442; &#x441; 1973 &#x433;.</subfield>
  </datafield>
  <datafield tag="461" ind1=" " ind2="0">
    <subfield code="1">001rc\3215159</subfield>
    <subfield code="1">2001#$a&#x42D;&#x43B;&#x435;&#x43A;&#x442;&#x440;&#x43E;&#x432;&#x430;&#x43A;&#x443;&#x443;&#x43C;&#x43D;&#x44B;&#x435; &#x43F;&#x440;&#x438;&#x431;&#x43E;&#x440;&#x44B;$e&#x41A;&#x43E;&#x43D;&#x441;&#x43F;&#x435;&#x43A;&#x442; &#x43B;&#x435;&#x43A;&#x446;&#x438;&#x439; &#x43A;&#x443;&#x440;&#x441;&#x430; "&#x42D;&#x43B;&#x435;&#x43A;&#x442;&#x440;&#x43E;&#x432;&#x430;&#x43A;&#x443;&#x443;&#x43C;&#x43D;&#x44B;&#x435; &#x438; &#x43F;&#x43E;&#x43B;&#x443;&#x43F;&#x440;&#x43E;&#x432;&#x43E;&#x434;&#x43D;&#x438;&#x43A;&#x43E;&#x432;&#x44B;&#x435; &#x43F;&#x440;&#x438;&#x431;&#x43E;&#x440;&#x44B;"$f&#x41B;&#x435;&#x43D;&#x438;&#x43D;&#x433;&#x440;. &#x44D;&#x43B;&#x435;&#x43A;&#x442;&#x440;&#x43E;&#x442;&#x435;&#x445;&#x43D;. &#x438;&#x43D;-&#x442; &#x438;&#x43C;. &#x412;.&#x418;. &#x423;&#x43B;&#x44C;&#x44F;&#x43D;&#x43E;&#x432;&#x430; (&#x41B;&#x435;&#x43D;&#x438;&#x43D;&#x430;)$v&#x412;&#x44B;&#x43F;. 2</subfield>
    <subfield code="9">7357499</subfield>
    <subfield code="c">&#x41B;&#x435;&#x43D;&#x438;&#x43D;&#x433;&#x440;&#x430;&#x434;</subfield>
    <subfield code="d">1973</subfield>
    <subfield code="f">&#x41B;&#x435;&#x43D;&#x438;&#x43D;&#x433;&#x440;. &#x44D;&#x43B;&#x435;&#x43A;&#x442;&#x440;&#x43E;&#x442;&#x435;&#x445;&#x43D;. &#x438;&#x43D;-&#x442; &#x438;&#x43C;. &#x412;.&#x418;. &#x423;&#x43B;&#x44C;&#x44F;&#x43D;&#x43E;&#x432;&#x430; (&#x41B;&#x435;&#x43D;&#x438;&#x43D;&#x430;)</subfield>
    <subfield code="n">&#x41B;&#x42D;&#x422;&#x418;</subfield>
    <subfield code="o">&#x41A;&#x43E;&#x43D;&#x441;&#x43F;&#x435;&#x43A;&#x442; &#x43B;&#x435;&#x43A;&#x446;&#x438;&#x439; &#x43A;&#x443;&#x440;&#x441;&#x430; "&#x42D;&#x43B;&#x435;&#x43A;&#x442;&#x440;&#x43E;&#x432;&#x430;&#x43A;&#x443;&#x443;&#x43C;&#x43D;&#x44B;&#x435; &#x438; &#x43F;&#x43E;&#x43B;&#x443;&#x43F;&#x440;&#x43E;&#x432;&#x43E;&#x434;&#x43D;&#x438;&#x43A;&#x43E;&#x432;&#x44B;&#x435; &#x43F;&#x440;&#x438;&#x431;&#x43E;&#x440;&#x44B;"</subfield>
    <subfield code="t">&#x42D;&#x43B;&#x435;&#x43A;&#x442;&#x440;&#x43E;&#x432;&#x430;&#x43A;&#x443;&#x443;&#x43C;&#x43D;&#x44B;&#x435; &#x43F;&#x440;&#x438;&#x431;&#x43E;&#x440;&#x44B;</subfield>
    <subfield code="v">&#x412;&#x44B;&#x43F;. 2</subfield>
  </datafield>
  <datafield tag="700" ind1=" " ind2="1">
    <subfield code="a">&#x413;&#x440;&#x443;&#x43D;&#x438;&#x43D;</subfield>
    <subfield code="b">&#x412;.&#x41A;.</subfield>
    <subfield code="g">&#x412;&#x438;&#x43A;&#x442;&#x43E;&#x440; &#x41A;&#x43E;&#x43D;&#x441;&#x442;&#x430;&#x43D;&#x442;&#x438;&#x43D;&#x43E;&#x432;&#x438;&#x447;</subfield>
  </datafield>
  <datafield tag="701" ind1=" " ind2="1">
    <subfield code="a">&#x413;&#x440;&#x443;&#x43D;&#x438;&#x43D;</subfield>
    <subfield code="b">&#x412;.&#x41A;.</subfield>
    <subfield code="g">&#x412;&#x438;&#x43A;&#x442;&#x43E;&#x440; &#x41A;&#x43E;&#x43D;&#x441;&#x442;&#x430;&#x43D;&#x442;&#x438;&#x43D;&#x43E;&#x432;&#x438;&#x447;</subfield>
  </datafield>
  <datafield tag="701" ind1=" " ind2="1">
    <subfield code="a">&#x41C;&#x435;&#x437;&#x435;&#x43D;&#x43E;&#x432;</subfield>
    <subfield code="b">&#x410;.&#x412;.</subfield>
  </datafield>
  <datafield tag="801" ind1=" " ind2="0">
    <subfield code="a">RU</subfield>
    <subfield code="b">NLR</subfield>
    <subfield code="g">psbo</subfield>
  </datafield>
  <datafield tag="801" ind1=" " ind2="1">
    <subfield code="a">RU</subfield>
    <subfield code="b">ELAR</subfield>
    <subfield code="2">rusmarc</subfield>
  </datafield>
  <datafield tag="852" ind1=" " ind2=" ">
    <subfield code="a">NLR</subfield>
    <subfield code="j">73-4/22685</subfield>
  </datafield>
  <datafield tag="942" ind1=" " ind2=" ">
    <subfield code="c">BOOK</subfield>
  </datafield>
  <datafield tag="980" ind1=" " ind2=" ">
    <subfield code="a">NB</subfield>
  </datafield>
  <datafield tag="995" ind1=" " ind2=" ">
    <subfield code="5">2013-10-26</subfield>
    <subfield code="b">NLR01</subfield>
    <subfield code="c">NLR01</subfield>
    <subfield code="e">RF91</subfield>
    <subfield code="f">7465121-10</subfield>
    <subfield code="k">73-4/22685</subfield>
    <subfield code="o">0</subfield>
    <subfield code="r">BOOK</subfield>
    <subfield code="s">73422685_</subfield>
  </datafield>
</record>
